[Event "17. Obert Int. Sant Marti 2015 - B"]
[Site "Barcelona ESP"]
[Date "2015.07.19"]
[Round "7.56"]
[White "Valero Recalde, Pablo"]
[Black "Romano Cases, Jordi"]
[Result "1/2-1/2"]
[WhiteElo "1800"]
[BlackElo "1700"]
[PlyCount "59"]
[EventDate "2015.07.13"]
[EventType "swiss"]
[EventRounds "9"]
[EventCountry "ESP"]
[SourceTitle "Ajedrez en Madrid"]
[Source "lmi"]
[SourceDate "2015.07.13"]
[SourceVersion "1"]
[SourceVersionDate "2019.06.21"]
[SourceQuality "1"]

1. c4 e5 2. g3 Nf6 3. Bg2 Be7 4. Nc3 O-O 5. Rb1 d6 6. b4 Nc6 7. d3 Rb8 8. Nf3
a6 9. a4 Be6 10. O-O Qd7 11. b5 axb5 12. axb5 Nd4 13. Ng5 Bg4 14. f3 Bh5 15.
Bh3 Qd8 16. e3 h6 17. exd4 exd4 18. Ne2 hxg5 19. Bxg5 Nh7 20. Bxe7 Qxe7 21.
Nxd4 Qe3+ 22. Kh1 Qxd4 23. Qd2 Rfe8 24. Bf5 Bg6 25. Bxg6 fxg6 26. Rbe1 Qf6 27.
Re3 Re6 28. Rxe6 Qxe6 29. Re1 Qf7 30. Re3 1/2-1/2

[Event "17. Obert Int. Sant Marti 2015 - B"]
[Site "Barcelona ESP"]
[Date "2015.07.19"]
[Round "7.57"]
[White "Vidal Moll, Francesc"]
[Black "Siegel, Rainer"]
[Result "1-0"]
[WhiteElo "1791"]
[BlackElo "1647"]
[PlyCount "60"]
[EventDate "2015.07.13"]
[EventType "swiss"]
[EventRounds "9"]
[EventCountry "ESP"]
[SourceTitle "Ajedrez en Madrid"]
[Source "lmi"]
[SourceDate "2015.07.13"]
[SourceVersion "1"]
[SourceVersionDate "2019.06.21"]
[SourceQuality "1"]

1. d4 Nc6 2. e3 b6 3. f4 e6 4. Nf3 Nf6 5. Bd3 Bb7 6. c3 g6 7. O-O Bg7 8. e4 Ne7
9. Nbd2 h5 10. Qe1 d5 11. e5 Ne4 12. Nxe4 dxe4 13. Bxe4 c6 14. Bd2 h4 15. Nxh4
Ba6 16. Rf3 f5 17. Bc2 Nd5 18. Nxg6 Rh6 19. Rg3 Kf7 20. Bd1 Qg8 21. Rg5 Qh7 22.
Qg3 Rg8 23. Bf3 Bd3 24. Re1 Rxg6 25. Rxg6 Ne7 26. Rg5 Ng6 27. Bh5 Bh6 28. Bxg6+
Rxg6 29. Rxg6 Qxg6 30. Qxd3 Bf8 1-0

[Event "17. Obert Int. Sant Marti 2015 - B"]
[Site "Barcelona ESP"]
[Date "2015.07.19"]
[Round "7.58"]
[White "Bernat Mor, Juli"]
[Black "Martinez Navarro, Miquel"]
[Result "0-1"]
[WhiteElo "1687"]
[BlackElo "1781"]
[PlyCount "120"]
[EventDate "2015.07.13"]
[EventType "swiss"]
[EventRounds "9"]
[EventCountry "ESP"]
[SourceTitle "Ajedrez en Madrid"]
[Source "lmi"]
[SourceDate "2015.07.13"]
[SourceVersion "1"]
[SourceVersionDate "2019.06.21"]
[SourceQuality "1"]

1. e4 e5 2. Nf3 d6 3. d4 exd4 4. Nxd4 Nf6 5. Nc3 g6 6. Be2 Nbd7 7. Bg5 Bg7 8.
Qd2 h6 9. Be3 Nb6 10. h3 Bd7 11. O-O-O a6 12. Nb3 Bf8 13. Bxb6 cxb6 14. g4 Bc6
15. f3 Qc7 16. Nd5 Bxd5 17. exd5 O-O-O 18. Kb1 Kb8 19. Rc1 Bg7 20. c4 Nd7 21.
f4 Nc5 22. Nxc5 bxc5 23. h4 Bd4 24. Rh3 Rde8 25. Rd1 Re7 26. Rh2 Be3 27. Qc2
Bxf4 28. Rg2 Rhe8 29. Rf1 Be5 30. g5 h5 31. Re1 Bd4 32. Rf1 Qb6 33. Rf3 Qxb2+
34. Qxb2 Bxb2 35. Kxb2 Rxe2+ 36. Rxe2 Rxe2+ 37. Kb3 Re7 38. a4 a5 39. Kc3 Kc7
40. Kd2 Kd8 41. Rf6 Kd7 42. Rf4 Ke8 43. Kd3 Re5 44. Re4 Kd7 45. Rxe5 dxe5 46.
Ke4 Kd6 47. Ke3 Ke7 48. Ke4 f6 49. gxf6+ Kxf6 50. d6 Ke6 51. d7 Kxd7 52. Kxe5
Ke7 53. Kf4 Kf6 54. Kg3 Ke5 55. Kf3 Kd4 56. Kf4 Kxc4 57. Kg5 Kb4 58. Kxg6 c4
59. Kxh5 c3 60. Kg4 c2 0-1

[Event "17. Obert Int. Sant Marti 2015 - B"]
[Site "Barcelona ESP"]
[Date "2015.07.19"]
[Round "7.59"]
[White "Minko, Uliana"]
[Black "Buisan Arnau, Oriol"]
[Result "1/2-1/2"]
[WhiteElo "1270"]
[BlackElo "1756"]
[PlyCount "155"]
[EventDate "2015.07.13"]
[EventType "swiss"]
[EventRounds "9"]
[EventCountry "ESP"]
[SourceTitle "Ajedrez en Madrid"]
[Source "lmi"]
[SourceDate "2015.07.13"]
[SourceVersion "1"]
[SourceVersionDate "2019.06.21"]
[SourceQuality "1"]

1. c4 e5 2. Nc3 Nc6 3. g3 Bc5 4. e3 Nf6 5. Nge2 d6 6. Bg2 a6 7. d4 exd4 8. exd4
Bb6 9. O-O h6 10. a3 Bg4 11. Be3 Qd7 12. b4 O-O 13. Re1 Bh3 14. Bh1 Rfe8 15. c5
Ba7 16. Qb3 Ng4 17. Nf4 Nxe3 18. Nxh3 Nxd4 19. Qa2 Qxh3 20. Rxe3 Rxe3 21. fxe3
Nf5 22. Bd5 Rf8 23. Bxb7 dxc5 24. Bg2 Qg4 25. Nd5 cxb4 26. Qb3 c6 27. Qxb4 Qxb4
28. Nxb4 Bxe3+ 29. Kh1 c5 30. Nxa6 Rc8 31. Rd1 c4 32. Nb4 c3 33. Be4 Nd4 34.
Nc2 Nxc2 35. Bxc2 Bd2 36. Kg2 Kf8 37. Kf3 Rb8 38. Ke2 Rb2 39. Kd3 Ke7 40. a4
Kd6 41. Ra1 Kc5 42. a5 Rb8 43. a6 Ra8 44. a7 Kb6 45. Ke2 Rxa7 46. Rb1+ Kc7 47.
Rf1 f6 48. Rf5 Kd6 49. h4 Re7+ 50. Kf3 Re5 51. g4 Rxf5+ 52. Bxf5 Be1 53. h5 Ke5
54. Bg6 Bd2 55. Kg3 Kd4 56. Kf3 Kc5 57. Ke2 Kb4 58. Kd1 Kb3 59. Bc2+ Kb2 60.
Bg6 Ka3 61. Kc2 Ka2 62. Bf7+ Ka3 63. Bg6 Kb4 64. Kd1 Kc4 65. Bf7+ Kd4 66. Bg6
Ke3 67. Kc2 Kf4 68. Bf5 Kg5 69. Kd3 Be1 70. Kc2 Kf4 71. Kd1 Bd2 72. Kc2 Ke3 73.
Bg6 Ke2 74. Bd3+ Ke1 75. Bg6 Kf2 76. Kd3 Kf3 77. Bf5 Kf4 78. Kc2 1/2-1/2

[Event "17. Obert Int. Sant Marti 2015 - B"]
[Site "Barcelona ESP"]
[Date "2015.07.19"]
[Round "7.60"]
[White "Grasa Solanas, Oscar"]
[Black "Gracia Vila, Frederic"]
[Result "0-1"]
[WhiteElo "1682"]
[BlackElo "1727"]
[PlyCount "140"]
[EventDate "2015.07.13"]
[EventType "swiss"]
[EventRounds "9"]
[EventCountry "ESP"]
[SourceTitle "Ajedrez en Madrid"]
[Source "lmi"]
[SourceDate "2015.07.13"]
[SourceVersion "1"]
[SourceVersionDate "2019.06.21"]
[SourceQuality "1"]

1. Nf3 Nf6 2. d4 e6 3. c4 d5 4. Nc3 Nbd7 5. Bg5 Be7 6. e3 h6 7. Bh4 c6 8. Bd3
O-O 9. Qc2 dxc4 10. Bxc4 Nb6 11. Bd3 Nbd5 12. a3 Re8 13. O-O Qc7 14. Ne5 Nd7
15. Bg3 Nxe5 16. Bxe5 Bd6 17. Bxd6 Qxd6 18. Ne4 Qe7 19. Nc5 e5 20. dxe5 Qxe5
21. Rac1 Qg5 22. Ne4 Qe5 23. Nc5 Nf6 24. Qc3 Qc7 25. Rfe1 Bg4 26. Qb3 Re7 27.
Bb1 Rae8 28. h3 Bh5 29. Nd3 Nd5 30. Qc2 Bg6 31. Qc5 a6 32. Qd4 Rd8 33. Qc4 Nf6
34. Red1 Red7 35. Rc3 Rd6 36. f3 Nd7 37. e4 Ne5 38. Qb3 b5 39. Nf2 Qb6 40. Rxd6
Rxd6 41. Qc2 Nc4 42. Rd3 Rxd3 43. Qxd3 Nxb2 44. Qc3 Nc4 45. Ba2 Nd6 46. Kf1 Kf8
47. Ke2 f6 48. Qb3 Qc5 49. Qg8+ Ke7 50. Qe6+ Kd8 51. Qg8+ Ne8 52. Qb3 Kc7 53.
Qd3 Nd6 54. Qb3 Bf7 55. Qb2 Bxa2 56. Qxa2 Qc4+ 57. Qxc4 Nxc4 58. a4 Kb6 59.
axb5 cxb5 60. Kd3 Kc5 61. Nd1 Kb4 62. Nc3 a5 63. h4 Ne5+ 64. Kc2 a4 65. f4 Nc4
66. g3 Kc5 67. Kd3 a3 68. Kc2 Kb4 69. Nd5+ Kc5 70. Nc3 b4 0-1

[Event "17. Obert Int. Sant Marti 2015 - B"]
[Site "Barcelona ESP"]
[Date "2015.07.19"]
[Round "7.61"]
[White "Pico Garcia, Antonio"]
[Black "Tordera Jumilla, Joaquim"]
[Result "1-0"]
[WhiteElo "1821"]
[BlackElo "1545"]
[PlyCount "73"]
[EventDate "2015.07.13"]
[EventType "swiss"]
[EventRounds "9"]
[EventCountry "ESP"]
[SourceTitle "Ajedrez en Madrid"]
[Source "lmi"]
[SourceDate "2015.07.13"]
[SourceVersion "1"]
[SourceVersionDate "2019.06.21"]
[SourceQuality "1"]

1. e4 Nc6 2. Nf3 e5 3. Bc4 Bc5 4. b4 b5 5. Bxb5 Bxb4 6. c3 a6 7. Bxc6 dxc6 8.
cxb4 Ne7 9. O-O f5 10. d3 O-O 11. Bb2 fxe4 12. dxe4 Qxd1 13. Rxd1 Ng6 14. Nxe5
Be6 15. Nxg6 hxg6 16. Nd2 c5 17. bxc5 c6 18. Nf3 Bg4 19. Rd3 Rab8 20. Be5 Rbe8
21. h3 Rxf3 22. gxf3 Bxh3 23. f4 Be6 24. Rb1 Kh7 25. Rb8 Re7 26. Rdd8 g5 27.
Rh8+ Kg6 28. f5+ Bxf5 29. exf5+ Kxf5 30. Bc3 Re2 31. Rhf8+ Kg6 32. Rb6 Re6 33.
Rxa6 g4 34. Rc8 Kh7 35. Raxc6 g3 36. Rxe6 gxf2+ 37. Kxf2 1-0

[Event "17. Obert Int. Sant Marti 2015 - B"]
[Site "Barcelona ESP"]
[Date "2015.07.19"]
[Round "7.62"]
[White "Cassi Gimeno, Jordi"]
[Black "Bienvenido Kleque, Jose"]
[Result "1/2-1/2"]
[WhiteElo "1747"]
[BlackElo "1717"]
[PlyCount "59"]
[EventDate "2015.07.13"]
[EventType "swiss"]
[EventRounds "9"]
[EventCountry "ESP"]
[SourceTitle "Ajedrez en Madrid"]
[Source "lmi"]
[SourceDate "2015.07.13"]
[SourceVersion "1"]
[SourceVersionDate "2019.06.21"]
[SourceQuality "1"]

1. e4 d5 2. exd5 Qxd5 3. Nc3 Qd8 4. Nf3 c6 5. d4 Bf5 6. Be3 e6 7. a3 Nf6 8. Ne5
h6 9. Bd3 Bxd3 10. Qxd3 Nbd7 11. O-O-O Qc7 12. f4 Bd6 13. h3 Be7 14. g4 Nxe5
15. fxe5 Nd5 16. Nxd5 cxd5 17. Qb5+ Qd7 18. Qxd7+ Kxd7 19. Rdf1 Rhf8 20. h4 f6
21. exf6 Bxf6 22. g5 hxg5 23. hxg5 Be7 24. Rxf8 Rxf8 25. Rh7 Rf1+ 26. Kd2 Bf8
27. Ke2 Rf5 28. b3 b6 29. a4 Kc6 30. Kd3 1/2-1/2

[Event "17. Obert Int. Sant Marti 2015 - B"]
[Site "Barcelona ESP"]
[Date "2015.07.19"]
[Round "7.63"]
[White "Navarro Oliva, Ivan Tomás"]
[Black "Borja Casas, Jordi"]
[Result "1-0"]
[WhiteElo "1686"]
[BlackElo "1764"]
[PlyCount "83"]
[EventDate "2015.07.13"]
[EventType "swiss"]
[EventRounds "9"]
[EventCountry "ESP"]
[SourceTitle "Ajedrez en Madrid"]
[Source "lmi"]
[SourceDate "2015.07.13"]
[SourceVersion "1"]
[SourceVersionDate "2019.06.21"]
[SourceQuality "1"]

1. e4 e6 2. d4 d5 3. exd5 exd5 4. Nf3 Bb4+ 5. Bd2 Bxd2+ 6. Nbxd2 Nf6 7. Bd3 O-O
8. O-O Re8 9. Ne5 Nbd7 10. Ndf3 Nxe5 11. Nxe5 Nd7 12. Qh5 g6 13. Qf3 Nxe5 14.
dxe5 Rxe5 15. Rae1 Rxe1 16. Rxe1 c5 17. Rd1 d4 18. Bc4 Qe7 19. Kf1 Bf5 20. Re1
Qd7 21. Rc1 Rb8 22. h3 b5 23. Bd5 Be6 24. Bc6 Qd6 25. b3 c4 26. a4 cxb3 27.
cxb3 bxa4 28. Bxa4 Qa3 29. Qf4 Rb4 30. Qc7 Bxb3 31. Qd8+ Kg7 32. Re1 Bxa4 33.
Qc7 Bb5+ 34. Kg1 d3 35. Qe5+ Kh6 36. Qe3+ g5 37. Qe5 Qa6 38. Ra1 Ra4 39. Rxa4
Bxa4 40. Qe3 Qd6 41. h4 d2 42. Qxg5# 1-0

[Event "17. Obert Int. Sant Marti 2015 - B"]
[Site "Barcelona ESP"]
[Date "2015.07.19"]
[Round "7.64"]
[White "Perez Serrallonga, Maxima"]
[Black "Guinjoan Fradera, Joan"]
[Result "0-1"]
[WhiteElo "1655"]
[BlackElo "1726"]
[PlyCount "94"]
[EventDate "2015.07.13"]
[EventType "swiss"]
[EventRounds "9"]
[EventCountry "ESP"]
[SourceTitle "Ajedrez en Madrid"]
[Source "lmi"]
[SourceDate "2015.07.13"]
[SourceVersion "1"]
[SourceVersionDate "2019.06.21"]
[SourceQuality "1"]

1. d4 d5 2. c4 dxc4 3. e3 e6 4. Bxc4 Bb4+ 5. Bd2 Bxd2+ 6. Nxd2 Nf6 7. Ngf3 a6
8. O-O b5 9. Be2 Bb7 10. b4 Ne4 11. Nb3 Nc3 12. Qd2 Nxe2+ 13. Qxe2 O-O 14. Nc5
Bd5 15. e4 Bc4 16. Nd3 Nc6 17. Qd2 Nxd4 18. Nfe5 Bxd3 19. Qxd3 f6 20. Nf3 Nxf3+
21. Qxf3 Qe7 22. a3 Rad8 23. h3 Rd4 24. Qe3 e5 25. f4 Rfd8 26. f5 Rd3 27. Qa7
Qd6 28. Rac1 Rd7 29. Qb7 Rxa3 30. Rc6 Qxb4 31. Qc8+ Qf8 32. Qxd7 h6 33. Rxc7
Kh7 34. Rc8 Qb4 35. Qf7 Qd4+ 36. Kh1 Rxh3+ 37. gxh3 Qxe4+ 38. Kg1 Qe3+ 39. Kg2
Qe2+ 40. Rf2 Qe4+ 41. Kf1 Qd3+ 42. Re2 Qxf5+ 43. Rf2 Qxc8 44. Rxf6 Qxh3+ 45.
Kg1 Qg4+ 46. Kf2 Qh4+ 47. Kf3 Qxf6+ 0-1

[Event "17. Obert Int. Sant Marti 2015 - B"]
[Site "Barcelona ESP"]
[Date "2015.07.19"]
[Round "7.68"]
[White "Castellvell Diez, Maria Nuria"]
[Black "Blanes Gay, Sir Nil"]
[Result "0-1"]
[WhiteElo "1566"]
[BlackElo "1679"]
[PlyCount "53"]
[EventDate "2015.07.13"]
[EventType "swiss"]
[EventRounds "9"]
[EventCountry "ESP"]
[SourceTitle "Ajedrez en Madrid"]
[Source "lmi"]
[SourceDate "2015.07.13"]
[SourceVersion "1"]
[SourceVersionDate "2019.06.21"]
[SourceQuality "1"]

1. e4 e5 2. Nf3 Nc6 3. Be2 Nf6 4. b3 d6 5. Bb2 Be6 6. d3 h6 7. Nbd2 Be7 8. c4
Qd7 9. O-O O-O-O 10. Rc1 Rdg8 11. c5 dxc5 12. d4 cxd4 13. Bb5 Bg4 14. Qc2 Bxf3
15. Nxf3 d3 16. Qc4 d2 17. Rfd1 dxc1=Q 18. Rxc1 Rd8 19. h3 Rhf8 20. Nxe5 Qe6
21. Qc3 Nxe4 22. Qe3 Rd2 23. Bxc6 bxc6 24. Qxa7 Kd8 25. Nxf7+ Qxf7 26. Qe3
Qxf2+ 27. Kh2 0-1

[Event "17. Obert Int. Sant Marti 2015 - B"]
[Site "Barcelona ESP"]
[Date "2015.07.20"]
[Round "8.1"]
[White "Walter Travella, German"]
[Black "Fleming, Andrew S J"]
[Result "1-0"]
[WhiteElo "2028"]
[BlackElo "2012"]
[PlyCount "101"]
[EventDate "2015.07.13"]
[EventType "swiss"]
[EventRounds "9"]
[EventCountry "ESP"]
[SourceTitle "Ajedrez en Madrid"]
[Source "lmi"]
[SourceDate "2015.07.13"]
[SourceVersion "1"]
[SourceVersionDate "2019.06.21"]
[SourceQuality "1"]

1. f4 Nf6 2. Nf3 g6 3. c4 c5 4. Nc3 Bg7 5. e4 d6 6. Be2 Nc6 7. O-O Bg4 8. h3
Bxf3 9. Bxf3 O-O 10. g3 Nd4 11. Bg2 e5 12. d3 Nh5 13. Kh2 exf4 14. gxf4 Qh4 15.
Qg4 Qd8 16. Bd2 Rb8 17. Be1 Nc2 18. Bh4 Bf6 19. Bf2 Nxa1 20. Rxa1 Nxf4 21. Bf1
Be5 22. Bg3 Qf6 23. Kh1 h5 24. Qf3 Ne6 25. Qxf6 Bxf6 26. Bxd6 Rbd8 27. Bxf8
Kxf8 28. Nd5 Bd4 29. Re1 Rb8 30. Re2 b5 31. b3 b4 32. h4 Nd8 33. e5 Ne6 34. Bh3
Re8 35. Re4 Kg7 36. Bxe6 Rxe6 37. Nxb4 Bxe5 38. Nc6 Bg3 39. Rxe6 fxe6 40. Nxa7
Bxh4 41. Nc6 Kf7 42. a4 Ke8 43. a5 Kd7 44. Ne5+ Kc7 45. Nxg6 Be1 46. Nf4 h4 47.
Nxe6+ Kc6 48. a6 Kb6 49. Nxc5 Bb4 50. d4 Ba3 51. Kg2 1-0

[Event "17. Obert Int. Sant Marti 2015 - B"]
[Site "Barcelona ESP"]
[Date "2015.07.20"]
[Round "8.2"]
[White "Ros Montes, Daniel"]
[Black "Riu Lopez, Sergi"]
[Result "0-1"]
[WhiteElo "2039"]
[BlackElo "2018"]
[PlyCount "146"]
[EventDate "2015.07.13"]
[EventType "swiss"]
[EventRounds "9"]
[EventCountry "ESP"]
[SourceTitle "Ajedrez en Madrid"]
[Source "lmi"]
[SourceDate "2015.07.13"]
[SourceVersion "1"]
[SourceVersionDate "2019.06.21"]
[SourceQuality "1"]

1. e4 e5 2. Nf3 Nc6 3. d4 exd4 4. Nxd4 Bc5 5. Nb3 Bb6 6. Qe2 d6 7. Nc3 Nge7 8.
Be3 Be6 9. O-O-O Qc8 10. Nd5 O-O 11. Qd2 Ng6 12. h4 Nge5 13. f3 Bxd5 14. exd5
Ne7 15. Be2 Nf5 16. Bxb6 axb6 17. f4 Nd7 18. Kb1 Nf6 19. Bd3 Ng3 20. Rhe1 Re8
21. Rxe8+ Qxe8 22. Re1 Qa4 23. a3 Nge4 24. Bxe4 Nxe4 25. Qd4 Qxd4 26. Nxd4 Re8
27. Kc1 Kf8 28. c4 Nc5 29. Rxe8+ Kxe8 30. Kd2 g6 31. g4 Ke7 32. b4 Ne4+ 33. Ke3
Ng3 34. Kf3 Nf1 35. Ke4 Nd2+ 36. Kd3 Nf1 37. Nf3 Ng3 38. Ng5 h5 39. gxh5 Nxh5
40. Ke4 Ng3+ 41. Kf3 Nf5 42. h5 gxh5 43. Ke4 Ng3+ 44. Kf3 Nf1 45. Ke2 Nh2 46.
Ne4 Ng4 47. Ng3 Nf6 48. Kf3 c6 49. dxc6 bxc6 50. Nf5+ Kd7 51. a4 d5 52. cxd5
Nxd5 53. b5 c5 54. Ng3 h4 55. Ne4 h3 56. f5 h2 57. Kg2 Ne3+ 58. Kxh2 Nxf5 59.
Kg2 Nd6 60. Nc3 Nc4 61. Kf3 Ke6 62. Ke4 f6 63. Kd3 Ne5+ 64. Ke4 f5+ 65. Kf4
Nd3+ 66. Ke3 Nb4 67. Kf4 Nd5+ 68. Nxd5 Kxd5 69. Kxf5 Kc4 70. a5 Kxb5 71. axb6
Kxb6 72. Ke4 Kb5 73. Kd3 Kb4 0-1

[Event "17. Obert Int. Sant Marti 2015 - B"]
[Site "Barcelona ESP"]
[Date "2015.07.20"]
[Round "8.3"]
[White "Sobrevia Castellar, Lluis"]
[Black "Garcia Ruiz, Adrian"]
[Result "1-0"]
[WhiteElo "1999"]
[BlackElo "2044"]
[PlyCount "99"]
[EventDate "2015.07.13"]
[EventType "swiss"]
[EventRounds "9"]
[EventCountry "ESP"]
[SourceTitle "Ajedrez en Madrid"]
[Source "lmi"]
[SourceDate "2015.07.13"]
[SourceVersion "1"]
[SourceVersionDate "2019.06.21"]
[SourceQuality "1"]

1. e4 e6 2. d4 d5 3. Nd2 Nf6 4. e5 Nfd7 5. f4 c5 6. Ndf3 Nc6 7. c3 cxd4 8. Nxd4
Nxd4 9. cxd4 Qb6 10. Nf3 Be7 11. Bd3 Nb8 12. b3 Bd7 13. Qe2 Nc6 14. Bb2 Nb4 15.
Bb1 Bb5 16. Qd2 Qa6 17. Kf2 O-O 18. Rd1 Rac8 19. a3 Nc6 20. a4 Bb4 21. Qe3 Bc4
22. bxc4 Qxc4 23. Rc1 Qa6 24. Bd3 Qb6 25. Rab1 Qa5 26. Bb5 a6 27. Bxc6 bxc6 28.
Ba3 Bxa3 29. Qxa3 Rfd8 30. Rc5 Qc7 31. Rbc1 Qb7 32. Qc3 h6 33. Rxc6 Rxc6 34.
Qxc6 Qb2+ 35. Rc2 Qb1 36. Qc7 Rb8 37. h3 Kh8 38. a5 Kg8 39. Rd2 Qb4 40. Qc5 Qb1
41. Qc6 Qf5 42. Qxa6 Qxf4 43. Qd3 g5 44. a6 g4 45. hxg4 Qxg4 46. a7 Ra8 47. Qb5
Rxa7 48. Qb8+ Kg7 49. Qxa7 h5 50. Qe7 1-0

[Event "17. Obert Int. Sant Marti 2015 - B"]
[Site "Barcelona ESP"]
[Date "2015.07.20"]
[Round "8.4"]
[White "Willen, Ronny"]
[Black "Madrid Sole, Antonio"]
[Result "0-1"]
[WhiteElo "1950"]
[BlackElo "2031"]
[PlyCount "60"]
[EventDate "2015.07.13"]
[EventType "swiss"]
[EventRounds "9"]
[EventCountry "ESP"]
[SourceTitle "Ajedrez en Madrid"]
[Source "lmi"]
[SourceDate "2015.07.13"]
[SourceVersion "1"]
[SourceVersionDate "2019.06.21"]
[SourceQuality "1"]

1. e4 d5 2. exd5 Qxd5 3. Nc3 Qd6 4. d4 Nf6 5. Nf3 c6 6. Be2 Bg4 7. O-O e6 8.
Bg5 Nbd7 9. Qd2 Qc7 10. Bf4 Bd6 11. Bxd6 Qxd6 12. Rad1 O-O 13. h3 Bh5 14. Qe3
Nd5 15. Nxd5 exd5 16. Qg5 Bg6 17. Bd3 Bxd3 18. Rxd3 Rae8 19. Qd2 Nf6 20. Re3
Rxe3 21. Qxe3 Re8 22. Qd3 h6 23. c3 Ne4 24. Ne5 f6 25. Nf3 Qf4 26. Re1 Kf7 27.
Re3 h5 28. Qe2 g6 29. g3 Nxg3 30. Qe1 Qxf3 0-1

[Event "17. Obert Int. Sant Marti 2015 - B"]
[Site "Barcelona ESP"]
[Date "2015.07.20"]
[Round "8.5"]
[White "Humanes Bespin, Ivan"]
[Black "Riera Danes, Manel"]
[Result "1/2-1/2"]
[WhiteElo "2049"]
[BlackElo "1996"]
[PlyCount "63"]
[EventDate "2015.07.13"]
[EventType "swiss"]
[EventRounds "9"]
[EventCountry "ESP"]
[SourceTitle "Ajedrez en Madrid"]
[Source "lmi"]
[SourceDate "2015.07.13"]
[SourceVersion "1"]
[SourceVersionDate "2019.06.21"]
[SourceQuality "1"]

1. e4 c5 2. Nf3 Nc6 3. Nc3 d6 4. d4 cxd4 5. Nxd4 e6 6. Be3 Nf6 7. Qd2 Be7 8. f3
Bd7 9. Ndb5 O-O 10. Nxd6 Qb8 11. Ndb5 a6 12. Nd4 b5 13. Nxc6 Bxc6 14. Bd3 Qc7
15. O-O b4 16. Ne2 e5 17. Ng3 g6 18. Bh6 Rfd8 19. Qe2 Be8 20. f4 Nd7 21. f5
Qb6+ 22. Be3 Bc5 23. Bxc5 Nxc5 24. Qf2 Rd4 25. Ne2 Nxd3 26. cxd3 Rd6 27. Qxb6
Rxb6 28. fxg6 hxg6 29. Rfd1 Bb5 30. Rd2 Rd6 31. Rad1 Rad8 32. Nc1 1/2-1/2

[Event "17. Obert Int. Sant Marti 2015 - B"]
[Site "Barcelona ESP"]
[Date "2015.07.20"]
[Round "8.6"]
[White "Julia Yebra, David"]
[Black "Nadal Fajardo, Ricard"]
[Result "0-1"]
[WhiteElo "2002"]
[BlackElo "2037"]
[PlyCount "106"]
[EventDate "2015.07.13"]
[EventType "swiss"]
[EventRounds "9"]
[EventCountry "ESP"]
[SourceTitle "Ajedrez en Madrid"]
[Source "lmi"]
[SourceDate "2015.07.13"]
[SourceVersion "1"]
[SourceVersionDate "2019.06.21"]
[SourceQuality "1"]

1. c4 c6 2. Nc3 d5 3. cxd5 cxd5 4. d4 Nf6 5. g3 g6 6. Bg2 Bg7 7. e3 O-O 8. Nge2
Nc6 9. O-O b6 10. Nf4 e6 11. b3 Ba6 12. Re1 Rc8 13. Bb2 Ne7 14. b4 Bc4 15. b5
Nf5 16. a4 Re8 17. Qd2 Bf8 18. Ba3 Bxa3 19. Rxa3 Qe7 20. Nb1 Ne4 21. Qb2 Ned6
22. h4 Rc7 23. Rc3 Rec8 24. Na3 Nb7 25. Nc2 Bb3 26. Rxc7 Qxc7 27. Na3 Qc3 28.
Re2 Bxa4 29. Kh2 Na5 30. Bf1 Nd6 31. Bh3 Qxb2 32. Rxb2 Rc3 33. Nb1 Rb3 34. Rxb3
Bxb3 35. Bf1 Bc4 36. Bxc4 Naxc4 37. Nc3 Na3 38. Nd3 Ndxb5 39. Na4 Nc4 40. g4 a5
41. h5 Nba3 42. h6 f6 43. Kg3 b5 44. Nac5 Kf7 45. Nf4 b4 46. Nfxe6 b3 47. Nd8+
Ke8 48. Nxb3 Kxd8 49. Na1 a4 50. Kf3 Nd2+ 51. Ke2 Nb3 52. Nxb3 axb3 53. Kd3 b2
0-1

[Event "17. Obert Int. Sant Marti 2015 - B"]
[Site "Barcelona ESP"]
[Date "2015.07.20"]
[Round "8.7"]
[White "Perez Garcia, Jose Miguel"]
[Black "Ramos Alvarez, Maximo"]
[Result "1-0"]
[WhiteElo "2028"]
[BlackElo "2002"]
[PlyCount "79"]
[EventDate "2015.07.13"]
[EventType "swiss"]
[EventRounds "9"]
[EventCountry "ESP"]
[SourceTitle "Ajedrez en Madrid"]
[Source "lmi"]
[SourceDate "2015.07.13"]
[SourceVersion "1"]
[SourceVersionDate "2019.06.21"]
[SourceQuality "1"]

1. Nf3 f5 2. e4 fxe4 3. Ng5 Nf6 4. d3 e5 5. dxe4 c6 6. Nc3 b5 7. a3 Bc5 8. Be2
O-O 9. O-O a6 10. Qd3 d5 11. exd5 cxd5 12. Rd1 d4 13. Nce4 Nbd7 14. Ne6 Qe7 15.
Nxf8 Nxf8 16. Bf3 Rb8 17. a4 Bd7 18. b3 Kh8 19. Nxc5 Qxc5 20. Ba3 b4 21. Bc1 a5
22. Bd2 Re8 23. Re1 e4 24. Bxe4 Nxe4 25. Rxe4 Rxe4 26. Qxe4 Bf5 27. Qe8 Bxc2
28. Qf7 Bg6 29. Qf3 Bh5 30. Qa8 Qf5 31. Rc1 h6 32. Qc8 Qf7 33. h3 Kh7 34. Qc4
Qf6 35. Qd5 Bf7 36. Qxa5 Qd6 37. Qxb4 Qd8 38. a5 Ne6 39. a6 Qa8 40. Qb7 1-0

[Event "17. Obert Int. Sant Marti 2015 - B"]
[Site "Barcelona ESP"]
[Date "2015.07.20"]
[Round "8.8"]
[White "Moysen Cortes, Jessica"]
[Black "Chakrabarti, Tamal"]
[Result "0-1"]
[WhiteElo "1961"]
[BlackElo "2009"]
[PlyCount "66"]
[EventDate "2015.07.13"]
[EventType "swiss"]
[EventRounds "9"]
[EventCountry "ESP"]
[SourceTitle "Ajedrez en Madrid"]
[Source "lmi"]
[SourceDate "2015.07.13"]
[SourceVersion "1"]
[SourceVersionDate "2019.06.21"]
[SourceQuality "1"]

1. e4 c5 2. Nf3 e6 3. d4 cxd4 4. Nxd4 Nf6 5. Nc3 Nc6 6. Nxc6 bxc6 7. e5 Nd5 8.
Ne4 Bb7 9. a3 c5 10. c4 Ne3 11. Bxe3 Bxe4 12. f3 Bc6 13. Bd3 Qb8 14. Qe2 Qxe5
15. f4 Qc7 16. O-O Bd6 17. Qf2 Bb7 18. Qg3 O-O 19. Qh3 f5 20. g4 Qc6 21. gxf5
exf5 22. Kf2 Rae8 23. Rg1 Re6 24. Rg3 Kh8 25. Qf1 Rh6 26. Qg1 Be7 27. Ke2 Bh4
28. Rxg7 Qf6 29. Rxd7 Qxb2+ 30. Bd2 Rg6 31. Qd1 Rg2+ 32. Kf1 Rxd2 33. Qh5 Rd1+
0-1

[Event "17. Obert Int. Sant Marti 2015 - B"]
[Site "Barcelona ESP"]
[Date "2015.07.20"]
[Round "8.9"]
[White "Gonzalez Martin, Fernando"]
[Black "Martinez Talavera, Jordi"]
[Result "0-1"]
[WhiteElo "1921"]
[BlackElo "2008"]
[PlyCount "98"]
[EventDate "2015.07.13"]
[EventType "swiss"]
[EventRounds "9"]
[EventCountry "ESP"]
[SourceTitle "Ajedrez en Madrid"]
[Source "lmi"]
[SourceDate "2015.07.13"]
[SourceVersion "1"]
[SourceVersionDate "2019.06.21"]
[SourceQuality "1"]

1. d4 e6 2. c4 d5 3. g3 c6 4. Qc2 f5 5. Nf3 Nf6 6. Bg2 Bd6 7. Bf4 Ne4 8. Bxd6
Qxd6 9. O-O O-O 10. Ne5 Nd7 11. f4 Ndf6 12. e3 Qe7 13. c5 Kh8 14. Nc3 Rg8 15.
Bxe4 fxe4 16. h4 Bd7 17. Nxd7 Qxd7 18. b4 Qc7 19. Qe2 a6 20. a4 Ne8 21. g4 Qe7
22. g5 h6 23. h5 g6 24. hxg6 Rxg6 25. Qh5 Qh7 26. Kf2 Ng7 27. Qh3 hxg5 28.
Qxh7+ Kxh7 29. fxg5 Rxg5 30. Ne2 Rf8+ 31. Ke1 Rxf1+ 32. Kxf1 Nf5 33. Kf2 Rh5
34. Ra3 Rh3 35. Ng1 Rh2+ 36. Ke1 Rb2 37. Nh3 Kg6 38. b5 Kh5 39. Nf4+ Kg4 40.
Ne2 axb5 41. a5 Ng3 42. Nf4 Kf3 43. Nxe6 b4 44. a6 bxa6 45. Rxa6 Kxe3 46. Kd1
b3 47. Kc1 Rc2+ 48. Kb1 Ne2 49. Rb6 Nc3+ 0-1